000 00526ntaaa2200193 4500
003 01
005 20251027200540.0
008 0714s1973 ag 01
040 _aAR-BaBN
_bspa
_cAR-BaBN
_eaacr
_dRIC
082 _a226.5 B61
100 _aBlinzler, Josef.
_9871
245 _aJuan y los sinopticos. /
_cJosef Blinzler.
250 _a1 ed.
260 _aSalamanca :
_bSigueme.,
_c1968.
300 _a147 p.
650 _aBiblia-Nuevo Testamento-Juan-Evangelio.
650 _aBiblia-Nuevo Testamento-Sinopticos.
_9873
942 _cBK
999 _c280
_d280